Literature - British | 2 | 4 | 0 | 0 | 70 | 54 | 103.17 | 0 | 0 |
Literature - European | 0 | 6 | 0 | 0 | 60 | 86 | 110.33 | 0 | 0 |
RMP - Philosophy | 1 | 4 | 0 | 0 | 55 | 53 | 89.60 | 0 | 0 |
Literature - American | 0 | 5 | 0 | 0 | 50 | 90 | 119.00 | 0 | 0 |
RMP - World Mythology | 0 | 4 | 0 | 0 | 40 | 58 | 104.25 | 0 | 0 |
Social Science - Psychology | 0 | 2 | 0 | 0 | 20 | 88 | 92.00 | 0 | 0 |
Literature - World and Miscellaneous | 0 | 2 | 0 | 0 | 20 | 102 | 111.50 | 0 | 0 |
History - American | 1 | 0 | 0 | 0 | 15 | 21 | 21.00 | 0 | 0 |
Social Science - Other | 1 | 0 | 0 | 0 | 15 | 62 | 62.00 | 0 | 0 |
Science - Biology | 0 | 1 | 0 | 0 | 10 | 95 | 95.00 | 0 | 0 |
RMP - Greco-Roman Mythology | 0 | 1 | 0 | 0 | 10 | 129 | 129.00 | 0 | 0 |
Science - Engineering and Miscellaneous | 0 | 1 | 0 | 0 | 10 | 113 | 113.00 | 0 | 0 |
Social Science - Linguistics | 0 | 1 | 0 | 0 | 10 | 86 | 86.00 | 0 | 0 |
Science - Chemistry | 0 | 1 | 0 | 0 | 10 | 97 | 97.00 | 0 | 0 |
Other - Other Academic and General Knowledge | 0 | 1 | 0 | 0 | 10 | 100 | 100.00 | 0 | 0 |
Science - Astronomy | 0 | 0 | 0 | 0 | 0 | | 0.00 | 0 | 0 |